000 00278nam a22001217a 4500
008 181023b xxu||||| |||| 00| 0 eng d
041 _aeng
080 _a101
100 _a24
101 _aFIL
245 _aPhilosophy Problems And Perspective
_cRobert.C.S
942 _2udc
_cBK
999 _c50646
_d50646